|
|
|
|
| LEADER |
00895nam a2200277 a 4500 |
| 001 |
7786 |
| 003 |
BD-DhAAL |
| 005 |
20150704111220.0 |
| 008 |
150704s1992 nyu 000 1 eng |
| 010 |
|
|
|a 91022865
|
| 020 |
|
|
|a 0752865587 :
|c $15.00 ($19.00 Can.)
|
| 040 |
|
|
|a DLC
|c DLC
|d OCoLC
|d DLC
|d OCoLC
|d BD-DhAAL
|
| 050 |
0 |
0 |
|a PS3558.O333
|b L83 1992
|
| 082 |
0 |
0 |
|a 813/.54
|2 20
|
| 100 |
1 |
|
|a Hoag, Tami.
|9 12806
|
| 245 |
1 |
0 |
|a Lucky's lady /
|c Tami Hoag.
|
| 250 |
|
|
|a 1st ed.
|
| 260 |
|
|
|a London :
|b Orion,
|c c1992.
|
| 300 |
|
|
|a 368 p. ;
|c 18 cm.
|
| 500 |
|
|
|a "Loveswept."
|
| 541 |
|
|
|e 7786
|
| 651 |
|
0 |
|a Louisiana
|x Fiction.
|9 12807
|
| 655 |
|
7 |
|a Romantic suspense novels.
|2 gsafd
|9 12808
|
| 942 |
|
|
|2 ddc
|c BK
|
| 999 |
|
|
|c 34927
|d 34927
|
| 952 |
|
|
|0 0
|1 0
|2 ddc
|4 0
|6 813_540000000000000_HOA
|7 0
|9 54683
|a SCL
|b SCL
|c GEN
|d 2015-07-04
|e Gift
|l 7
|m 26
|o 813.54 HOA
|p 3020007786
|r 2019-10-16
|s 2019-10-16
|t 1
|w 2015-07-04
|y BK
|